[Event "ICS rated blitz match"]
[Site "207.99.83.227"]
[Date "1999.04.25"]
[Round "?"]
[White "Hossa"]
[Black "Amateur"]
[Result "0-1"]
[WhiteElo "2339"]
[BlackElo "2389"]
[Annotator "Crafty v16.6"]
[PlyCount "142"]

{annotating for player Hossa using a scoring margin of +0.10 pawns. search
time limit is 10.00} 1. Nf3 1... Nf6 2. d4 g6 3. e3 Bg7 4. Bd3 d5 5. O-O O-O 6.
b3 ({9:-0.36} 6. b3 6... Nc6 7. Ba3 Bg4 8. Nbd2 Qd7 9. c4 Rad8 10. Bc5 $15) ({
9:-0.17} 6. c4 6... Nc6 7. cxd5 Nxd5 8. Nc3 Bg4 9. Nxd5 Qxd5 10. e4 Qd6 11. d5
$10) 6... Bg4 7. Nbd2 Nc6 8. Ba3 Qd7 9. c3 Rfe8 10. b4 e5 11. Be2 ({8:-0.67} 
11. Be2 11... e4 12. Nh4 b5 13. Bxg4 Nxg4 14. h3 Nf6 15. Qe2 $15) ({8:-0.39} 
11. dxe5 11... Nxe5 12. Nxe5 Rxe5 13. Be2 Rae8 14. Bxg4 Nxg4 15. b5 c6 16. Bc5
cxb5 17. Bxa7 $15) 11... e4 12. Ne1 Bf5 13. b5 Ne7 14. f3 exf3 15. Rxf3 c6 16.
bxc6 Qxc6 17. c4 Rac8 18. Nd3 Qa6 19. Bc5 b6 20. Bxe7 Rxe7 21. Nb4 Qa5 22. Qb3
Rec7 23. cxd5 Rc3 24. Qb2 Rc2 25. Nxc2 Rxc2 26. Nb3 Rxb2 27. Nxa5 Rxe2 28. Nc4
Nxd5 29. Rf2 Rxf2 30. Kxf2 Bd3 31. Nd6 Bh6 32. Re1 Ba6 33. a4 Bf8 34. Ne8 Bb7
35. e4 Nb4 36. Nf6+ Kg7 37. Ne8+ Kh8 38. Re3 Bc6 39. Nf6 Kg7 40. e5 a5 41. Rh3
h6 42. Ra3 Be7 43. Kf1 Bxf6 44. exf6+ Kxf6 45. h4 Kf5 46. Kf2 Ke4 47. Ra1 Kxd4
48. Kg3 Nd5 49. h5 Nc3 50. Rf1 Ne4+ 51. Kh4 g5+ 52. Kh3 Bxa4 53. Rxf7 Bd1 54.
g4 b5 55. Ra7 a4 56. Rb7 Be2 57. Ra7 Nf6 58. Kg2 Nxg4 59. Kg3 Ne5 60. Kf2 Bxh5
61. Ke1 Bf3 62. Kf2 h5 63. Ra6 Bc6 64. Kf1 h4 65. Rb6 h3 66. Rb8 h2 67. Ke2
h1=Q 68. Rd8+ Kc3 69. Rd6 Bf3+ 70. Kf2 Ng4+ 71. Kg3 Qg2# 0-1

[Event "ICS rated blitz match"]
[Site "207.99.83.227"]
[Date "1999.04.25"]
[Round "?"]
[White "RichardF"]
[Black "Hossa"]
[Result "0-1"]
[WhiteElo "1942"]
[BlackElo "2325"]
[PlyCount "86"]

1. d4 d5 2. c4 dxc4 3. e4 e5 4. Nf3 exd4 5. Bxc4 Nc6 6. O-O Be6 7. Bxe6 fxe6 8.
Qb3 Qc8 9. Ng5 Nd8 10. Bf4 Ne7 11. Rc1 c5 12. Bd6 b6 13. Na3 Qd7 14. Bg3 Nec6
15. Nf3 Bd6 16. e5 Be7 17. Nc4 O-O 18. a3 Nf7 19. Re1 Nh6 20. Ncd2 Nf5 21. Bf4
Nh4 22. Bg3 Nxf3+ 23. Nxf3 Rad8 24. Qd3 Qd5 25. Rac1 Rd7 26. h4 Bd8 27. b3 Bc7
28. Ng5 Rf5 29. f4 Na5 30. Rb1 c4 31. bxc4 Nxc4 32. Rb4 b5 33. a4 a6 34. axb5
axb5 35. Reb1 Ne3 36. Ne4 Qa2 37. R1b2 Qa1+ 38. Rb1 Qa8 39. Rxb5 Rff7 40. Rb7
Bd8 41. R7b2 Qd5 42. Nd6 Rf8 43. Rb8 43... Qxg2# {RichardF checkmated} 0-1

[Event "ICS rated blitz match"]
[Site "207.99.83.227"]
[Date "1999.04.25"]
[Round "?"]
[White "RichardF"]
[Black "Hossa"]
[Result "1-0"]
[WhiteElo "1936"]
[BlackElo "2331"]
[Annotator "Fritz 5.32 (15s)"]
[PlyCount "52"]

1. Nf3 d5 2. d4 Nf6 3. c4 dxc4 4. e3 b5 5. a4 c6 6. b3 (6. axb5 cxb5 7. b3 Be6
8. Nbd2 c3 9. Bxb5+ Bd7 10. Bxd7+ Nbxd7 11. Nc4 e6 12. O-O Bb4 13. Qd3 O-O 14.
Rd1 Qc7 15. e4 Rac8 16. e5 Ne8 17. Ng5 g6 18. Ne4 Nb6 19. Bh6 Ng7 20. Nf6+ Kh8
21. Qh3 Rfd8 22. Bxg7+ Kxg7 23. Qxh7+ Kf8 24. Qh8+ Ke7 25. Qh4 Kf8 26. Rdc1
Nxc4 27. bxc4 Qxc4 28. Rxa7 Rc7 29. Nd5 Qxd5 30. Qh8+ Ke7 31. Rxc7+ Rd7 32. Rc8
Rd8 33. Qf6+ Ke8 34. Rc7 Rd7 35. Rxd7 Qxd7 36. Qh8+ Bf8 37. Rxc3 Qxd4 38. Rc1
Qa4 39. h4 Qa8 40. Qf6 40... Qb7 {1-0 ban-wirejet/ICS 1995 (40)}) 6... cxb3 (
6... b4 7. Bxc4 a5 8. O-O e6 9. Bb2 Be7 10. Nbd2 O-O 11. Rc1 Nbd7 12. Bd3 c5
13. Ne4 cxd4 14. Nxd4 Bb7 15. Nc6 Bxc6 16. Rxc6 Rc8 17. Rxc8 17... Qxc8 {
1-0 Gluzin,Y-Smirnovs,A/EuYouth U12 Boys, Tallinn EST 1997 (17)}) 7. axb5 Be6
8. Nc3 $146 (8. Nbd2 Bd5 9. Bd3 Qb6 10. Nc4 Qb7 11. Na5 Qc7 12. Nxb3 Qb6 13.
Qc2 Bxf3 14. gxf3 e6 15. Nd2 Nd5 16. Qc4 Nb4 17. Rb1 Nxd3+ 18. Qxd3 Nd7 19. O-O
c5 20. Nc4 Qd8 21. Rd1 Qf6 22. Qe4 22... Qg6+ {
The Turk-Interchess/14 WMCC, Jakarta INA (9) 1996/0-1 (70)} (22... Qg6+ 23. Kf1
Qxe4 24. fxe4 cxd4 25. exd4 Rc8 26. Ne3 Bd6 27. Kg2 Ke7 28. e5 Bc7 29. Ba3+ Kd8
30. Ra1 Rb8 31. Bc5 Rxb5 32. Rxa7 Bb8 33. Ra4 Nxc5 34. dxc5+ Ke7 35. Rad4 Re8
36. Rd7+ Kf8 37. f4 {
Computer-Computer/Ch World (computers), Jakarta (Indonesi 1996/0-1 (70)})) 8...
Nd5 9. Qxb3 Nxe3 10. Qa4 Nxf1 11. bxc6 Qb6 12. Rb1 Qc7 13. d5 Nxh2 14. Rxh2
Nxc6 15. Bf4 Qc8 16. dxc6 Bf5 17. c7+ Bd7 18. Qe4 f5 19. Qxa8 Qxa8 20. Rb8+ Bc8
21. Rxa8 Kd7 22. Ne5+ $1 {ein laestiges Schach} 22... Kxc7 23. Nf7+ Kd7 24.
Nxh8 e5 25. Bxe5 a6 26. Rxh7 Be7 1-0

[Event "ICS rated blitz match"]
[Site "207.99.83.227"]
[Date "1999.04.25"]
[Round "?"]
[White "Hossa"]
[Black "RichardF"]
[Result "1-0"]
[WhiteElo "2302"]
[BlackElo "1965"]
[PlyCount "93"]

1. d4 Nf6 2. Nf3 d5 3. Bf4 c5 4. dxc5 e6 5. b4 a5 6. Bxb8 Rxb8 7. c3 Bd7 8. a3
b6 9. cxb6 Qxb6 10. e3 Bd6 11. Bd3 e5 12. Ng5 h6 13. Nh3 O-O 14. O-O Qc7 15.
Bc2 Bxh3 16. gxh3 e4 17. Qd2 Bxh2+ 18. Kh1 Be5 19. bxa5 Rfc8 20. a6 Qc4 21. Kg1
Qxa6 22. f4 Bd6 23. a4 Bc5 24. Ra2 Qb6 25. Re1 Qe6 26. f5 Qxf5 27. Qg2 Nd7 28.
Kh1 Ne5 29. Nd2 Ba7 30. Ra3 Rb2 31. Nf1 Qe6 32. a5 Bc5 33. Rb3 Ra2 34. Nh2 Nc4
35. Rg1 g6 36. Ng4 h5 37. Nh6+ Kg7 38. Nxf7 Nxe3 39. Ng5 Qe7 40. Qg3 Nf5 41.
Qg2 Bxg1 42. Kxg1 Ne3 43. Qg3 Rxc2 44. Qxe3 Qf6 45. h4 d4 46. Rb7+ Kh6 47. Rh7#
{RichardF checkmated} 1-0

[Event "ICS rated blitz match"]
[Site "207.99.83.227"]
[Date "1999.04.25"]
[Round "?"]
[White "Hossa"]
[Black "RichardF"]
[Result "0-1"]
[WhiteElo "2310"]
[BlackElo "1957"]
[Annotator "Fritz 5.32 (15s)"]
[PlyCount "74"]

1. Nf3 d5 2. g3 Nf6 3. Bg2 c6 4. d3 Bg4 5. Nbd2 Nbd7 6. e4 e5 7. O-O dxe4 8.
Nxe4 (8. dxe4 Bc5 9. h3 Bh5 10. Qe1 Qc7 (10... O-O 11. Nb3 Bb6 12. a4 a5 13.
Be3 Bxf3 14. Bxf3 Bxe3 15. Qxe3 Qb6 16. Rfe1 Rfd8 17. Bg2 17... Qxe3 {
- Abayasekera,R-Law,A/4NCL, Birmingham ENG 1998 (17)}) 11. Nc4 Bxf3 12. Bxf3
O-O 13. b4 Be7 14. Bb2 b5 15. Ne3 a5 16. a3 Rfe8 17. Bc3 axb4 18. axb4 Nb6 19.
Qe2 Nfd7 20. h4 Bf8 21. Bg2 g6 22. Bh3 22... Nf6 {
Vaganian,R-Raupp,T/BL 9394 1994/1-0 (37)}) 8... Nxe4 9. dxe4 Be7 10. Be3 $146 (
10. c3 Qc7 11. Qc2 Bc5 12. Ne1 O-O-O 13. Nd3 Bb6 14. c4 Nc5 15. Nxc5 Bxc5 16.
Kh1 f6 17. f3 Be6 18. Rb1 h5 19. Re1 h4 20. g4 g6 21. Be3 Bxe3 22. Rxe3 Qf7 23.
c5 Rd4 24. a3 24... Rc4 {
Konrath,M-Wiens,P/RH-chJ U20 Gau Algesheim 1994/0-1 (53)}) 10... O-O (10... Qc7
11. Qd3 $15) 11. Qd3 Qa5 12. Qb3 $15 (12. h3 Bxf3 13. Bxf3 13... Rad8 $11)
12... Be6 {Schwarz geht zum Angriff ueber} 13. Qxb7 Rab8 14. Qxc6 $15 (14. Qxa7
Qxa7 15. Bxa7 15... Rxb2 $11) 14... Rfc8 ({Schwaecher ist} 14... Rxb2 15. Rfb1
Nb8 16. Qa8 $16) 15. Bd2 Qd8 16. Qa4 Rxb2 17. Rfc1 17... Qc7 {
Steigert den Druck auf den Bauern c2} (17... Bc5 18. Be1 $11) 18. Ng5 Bc4 19.
Ba5 $4 $19 (19. Nf3 $142 {war relativ besser} 19... Bb5 20. Qa5 $11) 19... Nb6
20. Bxb6 (20. Rcb1 {macht keinen grossen Unterschied} 20... Bb5 $1 {
ist die Ueberraschung!} (20... Bxg5 $6 21. Rxb2 Nxa4 22. Bxc7 Nxb2 23. Bxe5 $17
) 21. Qxb5 Rxb5 22. Rxb5 22... Bxg5 $19) 20... axb6 (20... Rxb6 $6 21. Bh3 Rd8
22. Rd1 $19) (20... Qxb6 $6 21. Qd7 Qc5 22. Nf3 $15) 21. c3 (21. Rcb1 {
hilft auch nicht mehr} 21... Bb5 22. Qxb5 Rxb5 23. Rxb5 23... Bxg5 $19) 21...
Bxg5 22. Rcb1 Rxf2 23. Bh3 (23. Rd1 {nuetzt auch nichts mehr} 23... b5 24. Qb4
24... Rc2 $19) 23... Qc5 {Droht Matt: Rf1} 24. Kh1 24... Qe3 {Es droht Matt}
25. Bg2 (25. Rg1 $19 {koennte noch eine geringe Chance darstellen}) 25... Rxg2
$1 {triumphiert. Mit der Mattdrohung Qf2} 26. Qd7 Rd2 27. Qxc8+ Bd8 28. Qxd8+
Rxd8 29. Rb2 {Schwarz darf nun die Drohung h4 nicht uebersehen} 29... Qf3+ 30.
Kg1 {Wenn Weiss jetzt zu Re1 kaeme...} 30... Rd1+ $1 {ein unangenehmes Schach}
31. Rxd1 {Mit der Mattdrohung Rd8} 31... Qxd1+ 32. Kf2 Qf1+ 33. Ke3 Qc1+ 34.
Kf3 Qxb2 35. Kg4 (35. g4 {kann das Vorangegangene nicht ungeschehen machen}
35... Qxh2 36. a4 Bf1 37. a5 Qf4#) 35... Qxh2 36. a4 Be2+ 37. Kg5 (37. Kf5 {
aendert nichts am Ausgang der Partie} 37... Qh5#) 37... Qh5# 0-1

[Event "ICS rated blitz match"]
[Site "207.99.83.227"]
[Date "1999.04.25"]
[Round "?"]
[White "Angharad"]
[Black "Hossa"]
[Result "0-1"]
[WhiteElo "2087"]
[BlackElo "2282"]
[PlyCount "39"]

1. e4 c6 2. d4 d5 3. exd5 cxd5 4. Bd3 e6 5. Nf3 Nf6 6. Bf4 Be7 7. c3 O-O 8. O-O
b6 9. Qe2 Bd6 10. Ne5 Bb7 11. Nd2 Nc6 12. Ndf3 Rc8 13. Rfe1 Qe7 14. Rad1 Ne4
15. Bxe4 dxe4 16. Nd2 f5 17. Qe3 Nxe5 18. Bxe5 Bxe5 19. dxe5 Rc5 20. Nc4 {
Angharad resigns} 0-1

[Event "ICS rated blitz match"]
[Site "207.99.83.227"]
[Date "1999.04.25"]
[Round "?"]
[White "Hossa"]
[Black "Angharad"]
[Result "1-0"]
[WhiteElo "2290"]
[BlackElo "2079"]
[PlyCount "40"]

1. Nf3 Nf6 2. d4 e6 3. Bf4 b5 4. e4 Nxe4 5. Bxb5 c5 6. O-O Bb7 7. c4 cxd4 8.
Qxd4 Be7 9. Bxb8 Rxb8 10. Qxa7 Bc5 11. Qa4 O-O 12. Qc2 d5 13. Ne5 dxc4 14. Nd7
Qg5 15. Nxc5 Nxc5 16. f3 Nd3 17. Nc3 Ne5 18. f4 Qg6 19. Qxg6 Nxg6 20. Bxc4
20... Bxg2 {Angharad resigns} 1-0

[Event "ICS rated blitz match"]
[Site "207.99.83.227"]
[Date "1999.04.25"]
[Round "?"]
[White "RichardF"]
[Black "Hossa"]
[Result "0-1"]
[WhiteElo "2009"]
[BlackElo "2297"]
[PlyCount "90"]

1. c4 e5 2. Nf3 e4 3. Nd4 Nc6 4. e3 Nxd4 5. exd4 Qf6 6. d3 Qxd4 7. Nc3 Bb4 8.
Qb3 Bxc3+ 9. bxc3 Qe5 10. d4 Qf5 11. Be2 Nf6 12. Ba3 d6 13. O-O O-O 14. c5 Qf4
15. cxd6 cxd6 16. c4 Ne8 17. Rad1 Rb8 18. f3 Be6 19. g3 Qf5 20. fxe4 Qxe4 21.
Bf3 Qg6 22. Rfe1 b6 23. Be4 Qh6 24. Bc6 Rd8 25. Kh1 Nf6 26. Qa4 Bd7 27. Bxd7
Rxd7 28. Kg2 Rfd8 29. Rd3 Ng4 30. h3 Nf6 31. Rde3 Qg6 32. Bxd6 b5 33. Qxb5 Rc8
34. Qxd7 Nxd7 35. Re8+ Nf8 36. Rxc8 Qxd6 37. Ree8 g6 38. Rxf8+ Kg7 39. Rg8+ Kh6
40. d5 Qa3 41. c5 Qxa2+ 42. Kf3 Qxd5+ 43. Kf4 Qg2 44. c6 f5 45. c7 45... Qe4# {
RichardF checkmated} 0-1

[Event "ICS rated blitz match"]
[Site "207.99.83.227"]
[Date "1999.04.25"]
[Round "?"]
[White "toothfairy"]
[Black "Hossa"]
[Result "0-1"]
[WhiteElo "1963"]
[BlackElo "2302"]
[PlyCount "84"]

1. e4 e6 2. d4 d5 3. exd5 exd5 4. Bd3 Nf6 5. h3 Bb4+ 6. c3 Bd6 7. Bg5 h6 8. Be3
O-O 9. Nd2 Re8 10. Ne2 Nc6 11. O-O Ne4 12. Bxe4 dxe4 13. Nc4 Qh4 14. Nxd6 cxd6
15. Bf4 d5 16. Bg3 Qg5 17. Qc1 Qh5 18. Qe3 Bd7 19. Rae1 Qg5 20. Bf4 Qg6 21. Kh1
Rac8 22. Bh2 Ne7 23. Ng3 Bb5 24. Rg1 Bc4 25. a3 Bb3 26. Qd2 Qf6 27. Re3 Qg5 28.
Re2 Kh8 29. Rge1 Qxd2 30. Rxd2 Rg8 31. h4 Rcf8 32. Kg1 a6 33. f3 f5 34. Nf1 Ng6
35. g3 Re8 36. Kf2 Rgf8 37. Ne3 f4 38. gxf4 Nxf4 39. Bxf4 Rxf4 40. Ke2 Rxh4 41.
fxe4 Rh2+ 42. Kd3 42... dxe4# {toothfairy checkmated} 0-1

[Event "ICS rated blitz match"]
[Site "207.99.83.227"]
[Date "1999.04.25"]
[Round "?"]
[White "Hossa"]
[Black "toothfairy"]
[Result "0-1"]
[WhiteElo "2306"]
[BlackElo "1959"]
[Annotator "Fritz 5.32 (15s)"]
[PlyCount "85"]

1. d4 Nf6 2. c4 d6 3. Nf3 g6 4. Nc3 Bg7 5. e4 Bg4 6. Be2 Bxf3 7. Bxf3 e5 (7...
Nfd7 8. Be3 Nc6 9. Ne2 O-O 10. h4 e5 11. d5 Ne7 12. h5 f5 13. Nc3 a5 14. Qc2 f4
15. Bd2 Nc5 16. Na4 Bf6 17. Bg4 g5 18. O-O-O Kh8 19. Nc3 Ng8 20. Be1 Nh6 21.
Qe2 Be7 22. b3 Qe8 23. Kb2 Qf7 24. Rh3 Qg7 25. f3 Nxg4 26. fxg4 Bd8 27. Rc1 Nd7
28. Nd1 c5 29. a4 {- Eingorn,V-Basagic,Z/Velden op 1994 (29)}) 8. dxe5 dxe5 9.
Qxd8+ Kxd8 10. O-O $146 (10. Bg5 Nbd7 11. O-O-O h6 12. Bxf6+ Bxf6 13. Bg4 Bg5+
14. Kb1 f5 15. exf5 gxf5 16. Bxf5 Ke8 17. Bxd7+ Ke7 18. Rhe1 Kf6 19. Nd5+ Kf7
20. Nxc7 Rab8 21. Rxe5 Bf6 22. Be6+ Kg6 23. Bf5+ Kf7 24. Rd7+ Kg8 25. Be6+ Kf8
26. Rf7+ Kg8 27. Nd5 Bd8 28. Re7+ Kf8 29. Rf5# {
1-0 MacChess,2-MatoGrosso/Leiden, NL 1995 (29)}) 10... c6 {Ueberdeckt b5+d5} (
10... Nc6 11. Rd1+ Nd4 12. Be3 $14) 11. Rd1+ 11... Kc7 $16 (11... Nbd7 12. Be3
$14) 12. b4 Nbd7 13. b5 Bf8 14. bxc6 bxc6 15. Rb1 Bc5 16. a4 $14 (16. Bb2 16...
Bd4 $14) 16... Rab8 17. Rb2 $11 (17. Bh6 Rxb1 18. Rxb1 18... Ne8 $11) 17...
Rxb2 {Schwarz erhaelt starke Initiative} 18. Bxb2 18... Bd4 {
Von d4 entfaltet der Laeufer einige Wirkung} 19. Rc1 (19. Ba1 19... Rb8 $15)
19... Rb8 20. Ba1 Nc5 21. Rd1 $19 (21. Bd1 21... a5 $17) 21... Rb3 22. Na2 (22.
Ne2 Bxa1 23. Rxa1 23... Rb4 $19) 22... Bxa1 23. Rxa1 23... Ra3 $1 {
nun ist alles klar. Schwarz plant Nb3} (23... Nxa4 $6 24. Nc1 Rc3 25. Nd3 Rxd3
26. Rxa4 $17) 24. Bd1 Nfxe4 (24... Nxa4 $6 25. Bxa4 Rxa4 26. f3 $19) ({Dagegen
} 24... Ncxe4 25. Kf1 $19) 25. Bf3 (25. Kf1 {
aendert nichts am Ausgang der Partie} 25... Nxa4 26. Ke1 26... Nac5 $19) 25...
Nc3 26. Bxc6 Rxa2 (26... Nb3 {und Schwarz haette es noch leichter} 27. Re1 Rxa2
28. Bb5 $19) 27. Rxa2 Nxa2 28. Bd5 f6 29. Bg8 h6 30. a5 Kb7 31. h4 (31. Kf1 {
hilft allerdings auch nicht} 31... Ka6 $19) 31... Ka6 32. Bh7 (32. g3 {
aendert nichts mehr} 32... Kxa5 33. f3 33... Nb4 $19) 32... g5 33. hxg5 33...
hxg5 {Schwarz entwickelt eine toedliche Initiative} 34. Bb1 (34. Kh2 {
aendert den traurigen Lauf der Dinge nicht} 34... Nb4 $19) 34... Nc3 35. Bg6
35... Kxa5 {Der Freibauer a7 wird schnell zu einer gefaehrlichen Waffe} 36. Bf7
(36. Kf1 {holt die Kuh nicht vom Eis} 36... Kb4 37. Ke1 37... a5 $19) 36... Kb4
37. Bg8 (37. f4 {waere gleichermassen fruchtlos} 37... gxf4 38. Be8 38... a5
$19) 37... a5 38. f4 gxf4 39. g3 fxg3 40. Kg2 N3e4 41. Bd5 a4 42. Bc6 42... a3
{Es droht Matt} 43. Bd5 0-1

[Event "ICS rated blitz match"]
[Site "207.99.83.227"]
[Date "1999.04.25"]
[Round "?"]
[White "Hossa"]
[Black "toothfairy"]
[Result "1-0"]
[WhiteElo "2283"]
[BlackElo "1982"]
[PlyCount "51"]

1. d4 Nf6 2. c4 d6 3. Nf3 g6 4. Nc3 Bg7 5. e4 Bg4 6. Be2 Bxf3 7. Bxf3 e5 8.
dxe5 dxe5 9. Qxd8+ Kxd8 10. O-O c6 11. Rd1+ Kc7 12. Bd2 Na6 13. Rab1 Rad8 14.
b4 Rd7 15. b5 Nc5 16. Be3 Rxd1+ 17. Rxd1 b6 18. bxc6 Kxc6 19. a4 a6 20. Rb1 Rd8
21. Nd5 Nxd5 22. exd5+ Kc7 23. a5 Rb8 24. Bxc5 bxc5 25. d6+ Kc8 26. d7+ {
toothfairy resigns} 1-0

[Event "ICS rated blitz match"]
[Site "207.99.83.227"]
[Date "1999.04.25"]
[Round "?"]
[White "toothfairy"]
[Black "Hossa"]
[Result "0-1"]
[WhiteElo "1977"]
[BlackElo "2288"]
[PlyCount "50"]

1. e4 c5 2. c4 e5 3. Ne2 Nf6 4. d3 Be7 5. Bg5 Nc6 6. Bxf6 Bxf6 7. Ng3 O-O 8.
Nc3 Nd4 9. Be2 Qb6 10. Rb1 d6 11. O-O Be6 12. Bg4 Rae8 13. Bxe6 fxe6 14. Nce2
Nc6 15. a3 Re7 16. Qd2 Ref7 17. b4 Bh4 18. bxc5 Qxc5 19. Qb2 Rxf2 20. Rxf2
Qxf2+ 21. Kh1 Rf7 22. Qc1 Nd4 23. Nxd4 Qxd4 24. Qd1 Bxg3 25. hxg3 25... Rf6 {
toothfairy resigns} 0-1

[Event "ICS rated blitz match"]
[Site "207.99.83.227"]
[Date "1999.04.25"]
[Round "?"]
[White "Hossa"]
[Black "toothfairy"]
[Result "1-0"]
[WhiteElo "2293"]
[BlackElo "1972"]
[PlyCount "39"]

1. e4 e5 2. Nf3 d6 3. d4 Nd7 4. Nc3 c6 5. Bc4 Qc7 6. O-O Be7 7. Ng5 Bxg5 8.
Bxg5 Ngf6 9. dxe5 dxe5 10. Qd2 b5 11. Bd3 h6 12. Bxf6 Nxf6 13. a4 b4 14. Na2 a5
15. c3 c5 16. cxb4 cxb4 17. Rac1 Qb7 18. Bb5+ Bd7 19. Qd6 Qxe4 20. Rfe1 {
toothfairy resigns} 1-0

[Event "ICS rated blitz match"]
[Site "207.99.83.227"]
[Date "1999.04.25"]
[Round "?"]
[White "TDChess"]
[Black "Hossa"]
[Result "1/2-1/2"]
[WhiteElo "2602"]
[BlackElo "2297"]
[PlyCount "164"]

1. d4 d5 2. c4 dxc4 3. Nf3 e6 4. e3 b5 5. a4 c6 6. axb5 cxb5 7. b3 Nf6 8. bxc4
b4 9. c5 a5 10. Bb5+ Bd7 11. Qa4 Qc7 12. O-O Be7 13. Ne5 O-O 14. Nxd7 Nbxd7 15.
Nd2 Ng4 16. Nf3 Ndf6 17. Bd3 Nd5 18. h3 Ngf6 19. Bb2 Rfc8 20. Ne5 Bd8 21. Rad1
Qe7 22. c6 Nb6 23. Qc2 a4 24. Qe2 a3 25. Bc1 b3 26. Rde1 b2 27. Bxb2 axb2 28.
Qxb2 Nfd5 29. Rc1 Bc7 30. Nf3 Nb4 31. Bb5 N6d5 32. e4 Rcb8 33. exd5 Rxb5 34.
dxe6 fxe6 35. Rc4 Rb6 36. Qc3 Nd5 37. Qc2 Qf6 38. Re1 Rd8 39. Qe4 Rd6 40. Ne5
Rb2 41. Re2 Rb3 42. Ra2 Rd8 43. Nd7 Qf7 44. Qc2 Rb4 45. Ra7 Rxc4 46. Qxc4 Qf4
47. g3 Qf3 48. Ra2 Bxg3 49. fxg3 Qxg3+ 50. Kh1 Qxh3+ 51. Kg1 Qg4+ 52. Kh1 Qd1+
53. Kh2 Qh5+ 54. Kg3 Qg5+ 55. Kh2 Qf4+ 56. Kg1 Qg3+ 57. Kh1 Qh4+ 58. Kg1 Qg5+
59. Kh2 Qh6+ 60. Kg1 Ne3 61. Qc5 Qg6+ 62. Kh2 Nf5 63. c7 Rc8 64. Ne5 Qg3+ 65.
Kh1 Qh3+ 66. Kg1 Qe3+ 67. Rf2 Qe1+ 68. Rf1 Qg3+ 69. Kh1 Qh4+ 70. Kg1 Qg5+ 71.
Kh2 Qd2+ 72. Kg1 Nxd4 73. Qf8+ Rxf8 74. Rxf8+ Kxf8 75. c8=Q+ Ke7 76. Qc5+ Kf6
77. Ng4+ Kg6 78. Ne5+ Kh6 79. Ng4+ Kg6 80. Ne5+ Kh6 81. Ng4+ Kg6 82. Ne5+ 82...
Kh6 {Game drawn by repetition} 1/2-1/2

[Event "ICS rated blitz match"]
[Site "207.99.83.227"]
[Date "1999.04.25"]
[Round "?"]
[White "Hossa"]
[Black "Amateur"]
[Result "0-1"]
[WhiteElo "2308"]
[BlackElo "2421"]
[Annotator "Crafty v16.6"]
[PlyCount "246"]

{annotating for player Hossa using a scoring margin of +0.10 pawns. search
time limit is 10.00} 1. Nf3 1... d5 2. d4 Nf6 3. Bf4 ({8:-0.28} 3. Bf4 3... Nh5
4. Bd2 Nc6 5. Nc3 Bf5 6. Nb5 6... Be4 $10) ({8:-0.13} 3. e3 3... e6 4. Bb5+ Bd7
5. Bxd7+ Nfxd7 6. c4 dxc4 7. Qa4 Nc6 8. Qxc4 $10) 3... Nh5 4. Bg5 Be6 5. e3 g6
6. Be2 Bg7 7. O-O O-O 8. Nfd2 Nf6 9. c4 Nc6 10. Bf3 ({8:-0.03} 10. Bf3 10...
dxc4 11. Bxc6 bxc6 12. Na3 c3 13. bxc3 Qd5 14. Nf3 $10) ({8:+0.21} 10. Nc3
10... dxc4 11. Nxc4 Nd5 12. Ne4 Nb6 13. Rc1 Qd5 14. Bd3 Nxc4 15. Rxc4 $10)
10... dxc4 11. Bxc6 ({8:-0.18} 11. Bxc6 11... bxc6 12. Na3 Nh5 13. Naxc4 Bxc4
14. Nxc4 Qd5 15. Ne5 Bxe5 16. dxe5 16... Qxe5 $10) ({8:-0.02} 11. Qe2 11... Na5
12. Na3 c3 13. bxc3 Nd5 14. Nb5 14... Nc6 $10) 11... bxc6 12. Bxf6 ({8:-0.47} 
12. Bxf6 12... Bxf6 13. Na3 c5 14. Ne4 cxd4 15. Nxf6+ exf6 16. exd4 Qd5 17. Re1
$15) ({8:-0.34} 12. Na3 12... c5 13. dxc5 c3 14. bxc3 Qd5 15. Bxf6 Bxf6 16. Nb5
16... Qxc5 $15) 12... Bxf6 13. Ne4 Bg7 14. Nbc3 Rb8 15. Qe2 Bd5 16. f4 Qc8 17.
Nc5 Rb6 18. Qf2 Be6 19. Rad1 Bf5 20. e4 Bg4 21. Rd2 Rd8 22. e5 Bf5 23. Qh4 f6
24. Qg3 Bd3 25. Nxd3 Rxd4 26. Na4 Rb8 27. exf6 exf6 28. Nac5 cxd3 29. f5 gxf5
30. Nxd3 Rb5 31. Rfd1 Rbd5 32. Qe3 Qd7 33. a3 f4 34. Qf3 Qf5 35. Qe2 c5 36. b3
Rd8 37. Ne1 Rxd2 38. Rxd2 Rxd2 39. Qxd2 Qe6 40. Qd1 c4 41. bxc4 Qxc4 42. Nf3
Bf8 43. a4 Bc5+ 44. Kh1 Kg7 45. Qd7+ Qf7 46. Qg4+ Qg6 47. Qd7+ Kh6 48. Qh3+ Qh5
49. Qe6 Kg7 50. Qd7+ Kh6 51. Qxc7 Qf5 52. Qb8 Bb6 53. Qf8+ Kh5 54. Qf7+ Qg6 55.
Qd5+ Kh6 56. Qd1 Qf5 57. Qb3 Qc5 58. Qb2 Kh5 59. Qb1 Kh6 60. Qe1 Qf5 61. Qc1
Qe4 62. Qb2 Kg6 63. Qb5 Bf2 64. a5 Qc2 65. Qe8+ Kh6 66. Qf8+ Kh5 67. Qf7+ Qg6
68. Qb3 Be3 69. Qb5+ Kh6 70. Qb4 Qd3 71. Qf8+ Kh5 72. Qf7+ Qg6 73. Qb3 Kh6 74.
a6 Qf5 75. Qb2 Kh5 76. Qa2 Qd7 77. Qb1 h6 78. Qb3 Bb6 79. Ne1 Be3 80. Nf3 Bc5
81. Qc2 Qd5 82. Qb1 Be3 83. Qf1 Qc6 84. Qa1 Qc4 85. Qa5+ Kg4 86. Qe1 Qxa6 87.
Qh4+ Kf5 88. Qh5+ Ke6 89. h4 Qa1+ 90. Kh2 a5 91. Qxh6 a4 92. Qf8 a3 93. h5 Bf2
94. Qe8+ Kd6 95. Qb8+ Kc6 96. Qxf4 a2 97. h6 Qb1 98. Qxf6+ Kb5 99. Qe5+ Bc5
100. Qb8+ Ka4 101. Qa8+ Kb4 102. Qb8+ Ka3 103. Qg3 Qd3 104. Qe1 Qd6+ 105. g3
Qxh6+ 106. Kg2 Qe3 107. Qa1 Qe2+ 108. Kh3 Qxf3 109. Qc1+ Kb3 110. Qxc5 a1=Q
111. Qb6+ Kc4 112. Qe6+ Kd4 113. Qd6+ Kc4 114. Qe6+ Kd3 115. Qd6+ Qd4 116. Qa3+
Ke2 117. Qa2+ Ke1 118. Qb1+ Kd2 119. Qa2+ Kc1 120. Qa3+ Qxa3 121. Kg2 Qa2+ 122.
Kh3 Qe2 123. g4 Qdxg4# 0-1

[Event "ICS rated blitz match"]
[Site "207.99.83.227"]
[Date "1999.04.25"]
[Round "?"]
[White "Hossa"]
[Black "Jogra"]
[Result "1-0"]
[WhiteElo "2297"]
[BlackElo "2167"]
[PlyCount "51"]

1. d4 Nf6 2. c4 g6 3. Nc3 Bg7 4. e4 d6 5. Be2 O-O 6. Bg5 c5 7. dxc5 dxc5 8.
Qxd8 Rxd8 9. e5 Ng4 10. Bxe7 Re8 11. Bxc5 Nxe5 12. O-O-O Be6 13. Nd5 Na6 14.
Ba3 Bxd5 15. cxd5 Rac8+ 16. Kb1 Nc4 17. Bxc4 Rxc4 18. Nf3 b5 19. Rhe1 Rec8 20.
d6 b4 21. d7 Rf8 22. d8=Q Rxd8 23. Rxd8+ Bf8 24. Bxb4 Nxb4 25. Ree8 Kg7 26.
Rxf8 {Jogra resigns} 1-0